00289pab a2200121 454500008004000000100001600040245004500056260000900101300001200110362001100122650001400133773002000147180718b2002 xxu||||| |||| 00| 0 eng d aPowar, K.B. aOnline education: the quality imperative c2002 ap.87-91 a28 Jan aEducation aUniversity News